000 00634naa a2200193 4500
001 187485
003 ES-MaBCM
005 20241016192750.0
008 111017s2011 esp|r0p 0 ||spa d
021 _axx
035 _a(OCoLC)1365226198
040 _cES-MaBCM
100 1 _aBengoetxea Arrieta, Francisco
_988641
245 1 0 _aLa desafectación y venta de edificios administrativos y su ocupación en arrendamiento por el Estado
_cFrancisco Bengoetxea Arrieta
650 7 _aEdificio público
_958473
651 2 4 _aEspaña
_9115342
773 0 _aEn:
_t La Ley
_dMadrid
_gV. 3 (2011), p. 1183-1189 (D-192)
_w104460
942 _cAREV
999 _c187485
_d187485